12 entrevistas con arquitectos
Guardat en:
| Autors principals: | , |
|---|---|
| Format: | Llibre |
| Idioma: | espanyol |
| Publicat: |
Santiago
ARQ
1998
|
| Col·lecció: | Arte. Arquitectura, 9
|
| Matèries: | |
| Etiquetes: |
Afegir etiqueta
Sense etiquetes, Sigues el primer a etiquetar aquest registre!
|
MARC
| LEADER | 00000nam a2200000 a 4500 | ||
|---|---|---|---|
| 001 | UCO6683 | ||
| 003 | CL-VaPUC | ||
| 008 | 001027e19980000CL |||||||||||||||||spa|d | ||
| 082 | 0 | 4 | |a 720.92 |b OPP |2 21 |
| 100 | |a Oppici, Fabio |e autor |9 451498 | ||
| 700 | 0 | |a Walker, Enrique |e author |9 451499 | |
| 245 | 1 | 0 | |a 12 entrevistas con arquitectos |
| 300 | |a 150 p | ||
| 942 | |c BK | ||
| 945 | |d 20001027 00:00:00 |a crobeson | ||
| 260 | |a Santiago |b ARQ |c 1998 | ||
| 600 | 0 | 7 | |a TSCHUMI, BERNARD |2 CL-VaPUC |9 451500 |
| 600 | 0 | 7 | |a ROGERS, RICHARD |2 CL-VaPUC |9 451501 |
| 600 | 0 | 7 | |a MAYNE, THOM |2 CL-VaPUC |9 451502 |
| 600 | 0 | 7 | |a TAKAMATSU, SHIN |2 CL-VaPUC |9 451503 |
| 600 | 0 | 7 | |a FOSTER, NORMAN |2 CL-VaPUC |9 451504 |
| 600 | 0 | 7 | |a GRIMSHAW, NICHOLAS |2 CL-VaPUC |9 451505 |
| 600 | 0 | |a Eisenman, Peter |9 451506 | |
| 600 | 0 | |a Ito, Toyo |y 1941- |9 451507 | |
| 600 | 0 | 7 | |a KUROKAWA, KISHO |2 CL-VaPUC |9 451508 |
| 600 | 0 | 7 | |a HERZOG, JACQUES |2 CL-VaPUC |9 451509 |
| 600 | 0 | 7 | |a DE MEURON, PIERRE |2 CL-VaPUC |9 451510 |
| 650 | 0 | |a Arquitectos |9 268647 | |
| 650 | 0 | |a Entrevistas |9 265537 | |
| 650 | 0 | |a Arquitectura moderna |9 265021 | |
| 583 | |a last modification |c 20001027 00:00:00 |k Rodrigo Vera | ||
| 490 | 0 | |a Arte. Arquitectura, 9 | |
| 999 | |c 292156 |d 292154 | ||
| 952 | |0 0 |1 0 |4 0 |6 720_920000000000000_OPP_1998 |7 0 |8 A |9 342795 |a BIBARQ |b BIBARQ |d 2019-11-20 |i 3649652 |l 1 |m 1 |o 720.92 OPP 1998 |p 3649652 |r 2025-01-20 |s 2024-04-19 |w 2019-11-20 |y BK |k ARQ | ||